00708nam a2200181 a 4500008004100000050002000041100002300061245003300084246003500117260004800152300001600200350000900216650001300225650003900238995009600277999001700373952013600390120416s1989 ||||||||||||||||| || u aJQ 3519.S83 Mag aMaguire, G. Andrew10aToward ''Uhuru'' in Tanzania athe politics of participations aCambridgebCambridge University Pressc1989 axxix, 403p. a0.00 aPOLITICS aPOLITICAL SYSTEMS--UHURU--TANZANIA D0.00FCBU-MAIN LIBRARY (Kitwe)H1I16.50M1UAVAILABLEZMain Library Open Access Collection c60041d60041 00102lcc4070a001b001cMain Library Open Access Collectiond2022-11-30l0oJQ 3519.S83 Magp009095r2022-11-30w2022-11-30y002